| 000 | 00851nam a2200229 a 4500 | ||
|---|---|---|---|
| 005 | 20060818091510.0 | ||
| 008 | 050907s2005 ii av 000 0 eng | ||
| 010 | _aENG-93253 | ||
| 020 |
_c275.00 _a9788190756310 |
||
| 035 | _aEN-76786 | ||
| 037 | _bDBAD / PUB | ||
| 040 |
_adpl _bEnglish |
||
| 082 | _a616.079 | ||
| 100 | _aMalarvili, T. | ||
| 245 |
_aFundamentals of immunology / _cby T. Malarvili |
||
| 260 |
_aKanayakumari _bKamaraj Publications _c2007 |
||
| 270 |
_a14/135, Kamaraj Street, Agatheeswaram Post, _bKanyakumari _e629701 |
||
| 300 |
_a390p.: _c20 cm (pbk) _bill. |
||
| 650 | _aImmunology. | ||
| 942 |
_2ddc _cEN _mMAL _h616.079 |
||
| 999 |
_c25386 _d25386 |
||